Statistiques concernant Paroles de Lego Ninjago 1-6

Cliquez ici pour prendre le quiz!

Statistiques générales

  • Ce quiz a été pris 49 fois
  • Le résultat moyen est 7 sur 10

Statistiques - réponses

QuestionRéponse% Correct
Attendez, ralentissez, j'ai un paquet pour Senseï Wu.Le facteur
100%
Un parc d'attraction ! Je peux venir, je peux venir avec vous ?Lloyd
95%
Ne soyez pas jaloux du samurai, inspirez vous-en plutôt.Wu
93%
Je ne désespère pas, mon cher fidèle et infidèle bras droit, au contraire, j'espère rassembler les tribus, afin de libérer le grand dévoreur.Pythor
91%
Mais on a fait un pari, celui qui attraperais le samurai serait le ninja vert.Kai
82%
Je déteste ce samurai !Jay
80%
Skales, je crois que nous l'avons trouvé.Pythor
73%
Ou il aura craché son venin hypnotisant sur toi et, crois moi, ça craint.Kai
59%
Tout le monde à bord, le prochain arrêt de ce bus est Ouroboros.Skales
32%
Je me suis battu pour ce sceptre, je ne le perdrai pas si facilement.Acidius
20%

Distribution des résultats

Percentile par nombre de réponses

% des personnes avec chaque résultat

Votre développement - résultats

Vous n’avez pas pris ce quiz